| 000 | 00638cam a22002293a 4500 | ||
|---|---|---|---|
| 001 | 32171 | ||
| 003 | PGUSA | ||
| 005 | 20140828083709.0 | ||
| 008 | 100428s2010||||xxu|||||s|||||000 | eng d | ||
| 040 |
_aPGUSA _beng |
||
| 042 | _adc | ||
| 050 | 4 | _aRC | |
| 100 | 1 |
_aMead, Richard, _d1673-1754 |
|
| 245 | 1 | 2 |
_aA Discourse on the Plague _h[electronic resource] / _cRichard Mead |
| 260 |
_bProject Gutenberg, _c2010 |
||
| 506 | _aPublic domain in the USA. | ||
| 516 | _aElectronic text | ||
| 653 | _aPlague -- Early works to 1800 | ||
| 830 | 0 |
_aProject Gutenberg _v32171 |
|
| 856 | 4 | 0 | _uhttp://www.gutenberg.org/ebooks/32171 |
| 942 | _cEB | ||
| 999 |
_c261426 _d261426 |
||